[Event "Rochefort op 23rd"]
[Site "Rochefort"]
[Date "2025.02.24"]
[Round "4"]
[White "Le Goff, Ronan"]
[Black "Jackson, Thomas"]
[Result "1-0"]
[WhiteElo "2240"]
[BlackElo "2161"]
[PlyCount "89"]
[EventDate "2025.02.22"]
[EventType "swiss"]
[EventRounds "9"]
[EventCountry "FRA"]
[SourceTitle "CB10_2025"]
[SourceDate "2025.03.05"]
[SourceVersion "1"]
[SourceVersionDate "2025.03.05"]
[SourceQuality "1"]

1. d4 e6 2. Nf3 d5 3. g3 Nf6 4. Bg2 Be7 5. 0-0 0-0 6. c4 Ne4 7. Nc3 Nxc3 8. bxc3 c6 9. Bf4 b6 10. cxd5 cxd5 11. c4 Bb7 12. Ne5 Nc6 13. Nxc6 Bxc6 14. Rc1 Ba3 15. Rb1 Rc8 16. cxd5 Bxd5 17. Bxd5 Qxd5 18. Qa4 Be7 19. Qxa7 Bf6 20. Qxb6 Rc2 21. e3 Rxa2 22. Bd6 Rd8 23. Bc7 Rc8 24. Qb7 Qxb7 25. Rxb7 h5 26. Rb8 Rxb8 27. Bxb8 Kh7 28. Kg2 g5 29. h3 g4 30. hxg4 hxg4 31. Rd1 Ra4 32. Bd6 Kg6 33. Rd2 Kf5 34. f3 gxf3+ 35. Kxf3 e5 36. d5 e4+ 37. Kg2 Ra7 38. Kh3 Rd7 39. g4+ Kg6 40. Bf4 Bg5 41. Bxg5 Kxg5 42. d6 Kg6 43. Kg3 f5 44. Kf4 fxg4 45. Kxg4 1-0

[Event "Mont de Marsan Noel op 15th"]
[Site "Mont de Marsan"]
[Date "2018.12.29"]
[Round "7"]
[White "Peng, Li Min"]
[Black "Jackson, Thomas"]
[Result "1/2-1/2"]
[WhiteElo "2442"]
[BlackElo "2121"]
[PlyCount "55"]
[EventDate "2018.12.26"]
[EventType "swiss"]
[EventRounds "9"]
[EventCountry "FRA"]
[SourceTitle "CBM 190 Extra"]
[Source "ChessBase"]
[SourceDate "2019.07.15"]
[SourceVersion "1"]
[SourceVersionDate "2019.07.15"]
[SourceQuality "1"]

1. e4 c5 2. Nc3 e6 3. g3 d5 4. exd5 exd5 5. Bg2 Nf6 6. d3 Be7 7. Nge2 Nc6 8. 0-0 0-0 9. Nf4 Bg4 10. Qd2 d4 11. Ncd5 Ne5 12. Nxf6+ Bxf6 13. f3 Bf5 14. g4 Bd7 15. Ne2 h6 16. h3 Bc6 17. Ng3 c4 18. f4 c3 19. Qf2 Bxg2 20. Qxg2 Nc6 21. bxc3 dxc3 22. Rb1 Qc7 23. Be3 Rfe8 24. Ne4 Bd4 25. Bxd4 Nxd4 26. Rb4 Rad8 27. Qf2 Rxe4 28. dxe4 1/2-1/2

[Event "Les Sables d'Olonneop 4th"]
[Site "Les Sables d'Olonne"]
[Date "2017.07.17"]
[Round "3"]
[White "Koziak, Vitali"]
[Black "Jackson, Thomas"]
[Result "1-0"]
[WhiteElo "2510"]
[BlackElo "2043"]
[PlyCount "99"]
[EventDate "2017.07.15"]
[EventType "swiss"]
[EventRounds "9"]
[EventCountry "FRA"]
[SourceTitle "EXT 2018"]
[Source "ChessBase"]
[SourceDate "2017.10.13"]
[SourceVersion "1"]
[SourceVersionDate "2017.10.13"]
[SourceQuality "1"]

1. d4 Nf6 2. c4 e6 3. Nf3 b6 4. a3 Bb7 5. Nc3 d5 6. cxd5 exd5 7. Be3 Be7 8. Qa4+ Qd7 9. Qxd7+ Nbxd7 10. Nb5 Kd8 11. Bf4 Ne8 12. Ng5 Bxg5 13. Bxg5+ f6 14. Bf4 c6 15. Nc3 Ba6 16. Rc1 Nf8 17. e3 Bxf1 18. Rxf1 Ne6 19. Bg3 Kd7 20. f3 Nd6 21. Bxd6 Kxd6 22. Kf2 Rad8 23. b4 f5 24. Rfd1 b5 25. a4 a6 26. a5 Kc7 27. Ne2 Rhf8 28. f4 h6 29. Rc2 g5 30. g3 g4 31. Nc1 h5 32. Nd3 Rd6 33. h3 gxh3 34. Rh1 Kb7 35. Rxh3 Ng7 36. Ne5 Kc7 37. Rc1 Rff6 38. Rch1 Rde6 39. Nd3 Re8 40. Nc5 Ra8 41. Rxh5 Nxh5 42. Rxh5 Rg8 43. Nxa6+ Kd6 44. Nc5 Rfg6 45. Rh3 R6g7 46. Nd3 Kc7 47. Ne5 Kb7 48. Kg2 Rc7 49. g4 fxg4 50. Rh6 1-0

[Event "Ile et Vilaine op"]
[Site "Rennes"]
[Date "2017.07.12"]
[Round "6"]
[White "Jackson, Thomas"]
[Black "Seite, Sullian"]
[Result "1-0"]
[WhiteElo "2043"]
[BlackElo "1886"]
[PlyCount "121"]
[EventDate "2017.07.08"]
[EventType "swiss"]
[EventRounds "9"]
[EventCountry "FRA"]
[SourceTitle "EXT 2019"]
[Source "ChessBase"]
[SourceDate "2018.10.10"]
[SourceVersion "1"]
[SourceVersionDate "2018.10.10"]
[SourceQuality "1"]

1. d4 Nf6 2. Bg5 c5 3. Bxf6 gxf6 4. d5 Qb6 5. Qc1 f5 6. g3 Bg7 7. c3 Na6 8. Bg2 Nc7 9. Nh3 Qd6 10. Na3 Rb8 11. Nc4 Qf6 12. d6 Ne6 13. dxe7 Qxe7 14. Qd2 0-0 15. Qd6 Qxd6 16. Nxd6 b5 17. Nxf5 Bf6 18. 0-0-0 d5 19. Bxd5 Nd4 20. g4 Nxf5 21. gxf5 Bxf5 22. Rhg1+ Kh8 23. Ng5 Bg6 24. e3 c4 25. Ne4 Bxe4 26. Bxe4 b4 27. Rd6 Bg7 28. Kc2 b3+ 29. Kb1 bxa2+ 30. Kxa2 Rb5 31. Rd5 Rfb8 32. Rxb5 Rxb5 33. Rd1 Bf6 34. Rd5 Rxd5 35. Bxd5 Kg7 36. Bxc4 Bh4 37. f3 h6 38. Kb3 Bf2 39. e4 f6 40. f4 Kg6 41. e5 f5 42. Bd3 Be3 43. e6 Kf6 44. Bxf5 Bxf4 45. h3 h5 46. Kc4 Bg5 47. Kd5 Kxf5 48. Kd6 Kf4 49. e7 Bxe7+ 50. Kxe7 Ke4 51. Kd6 Kd3 52. Kd5 Kc2 53. c4 Kxb2 54. c5 a5 55. c6 a4 56. c7 a3 57. c8Q a2 58. Qb8+ Kc2 59. Qe5 Kb1 60. Qxh5 a1Q 61. Qd1+ 1-0

[Event "Ile et Vilaine op"]
[Site "Rennes"]
[Date "2017.07.09"]
[Round "3"]
[White "Jackson, Thomas"]
[Black "Cotonnec, Melkior"]
[Result "0-1"]
[WhiteElo "2043"]
[BlackElo "2320"]
[PlyCount "94"]
[EventDate "2017.07.08"]
[EventType "swiss"]
[EventRounds "9"]
[EventCountry "FRA"]
[SourceTitle "EXT 2019"]
[Source "ChessBase"]
[SourceDate "2018.10.10"]
[SourceVersion "1"]
[SourceVersionDate "2018.10.10"]
[SourceQuality "1"]

1. d4 f5 2. g3 Nf6 3. Bg2 g6 4. Nf3 Bg7 5. 0-0 0-0 6. c4 d6 7. Nc3 Nc6 8. d5 Ne5 9. Nxe5 dxe5 10. e4 f4 11. Qd3 Nh5 12. Qe2 a6 13. Rd1 Qe8 14. Bf3 Qf7 15. Rd3 Nf6 16. g4 Ne8 17. Qd1 Qf6 18. Bg2 Qh4 19. f3 h5 20. h3 hxg4 21. hxg4 Kf7 22. Kf1 Nd6 23. b3 Bd7 24. Bd2 Bf6 25. Be1 Qh6 26. a4 Kg7 27. Bf2 Bh4 28. Qe1 g5 29. Ke2 Rh8 30. Rdd1 Raf8 31. c5 Ne8 32. b4 Nf6 33. Bxh4 gxh4 34. Bh3 Qg6 35. Qf2 Nh7 36. b5 Ng5 37. Qf1 axb5 38. axb5 Ra8 39. Kf2 Rhb8 40. Kg2 b6 41. c6 Be8 42. Qc4 Qd6 43. Qb3 Bg6 44. Rdc1 Rxa1 45. Rxa1 Qc5 46. Ne2 Bxe4 47. Rc1 Qxd5 0-1

[Event "Salon de Provence op 7th"]
[Site "Salon de Provence"]
[Date "2016.07.12"]
[Round "5"]
[White "Ammar, Sedrani"]
[Black "Jackson, Thomas"]
[Result "0-1"]
[WhiteElo "1818"]
[BlackElo "2002"]
[PlyCount "52"]
[EventDate "2016.07.09"]
[EventType "swiss"]
[EventRounds "9"]
[EventCountry "FRA"]
[SourceTitle "EXT 2019"]
[Source "ChessBase"]
[SourceDate "2018.10.10"]
[SourceVersion "1"]
[SourceVersionDate "2018.10.10"]
[SourceQuality "1"]

1. d4 Nf6 2. e3 e6 3. Bd3 c5 4. c3 b6 5. Nd2 Bb7 6. Ngf3 d6 7. 0-0 Be7 8. b3 0-0 9. Bb2 Nbd7 10. c4 d5 11. cxd5 Nxd5 12. a3 cxd4 13. Nxd4 Nc5 14. Bc2 Bf6 15. Nc4 Rc8 16. Re1 Ba6 17. Ne5 Bxe5 18. Qh5 f5 19. Nxe6 Nxe6 20. Bxf5 Ng5 21. Bxc8 Bxb2 22. Rab1 Bxc8 23. Rxb2 Qf6 24. Rd2 Bb7 25. Qg4 Nc3 26. Qd7 Bxg2 0-1

[Event "Salon de Provence op 7th"]
[Site "Salon de Provence"]
[Date "2016.07.12"]
[Round "6"]
[White "Jackson, Thomas"]
[Black "Ahmed, Rashed Al Hefeti"]
[Result "1/2-1/2"]
[WhiteElo "2002"]
[BlackElo "1588"]
[PlyCount "39"]
[EventDate "2016.07.09"]
[EventType "swiss"]
[EventRounds "9"]
[EventCountry "FRA"]
[SourceTitle "EXT 2019"]
[Source "ChessBase"]
[SourceDate "2018.10.10"]
[SourceVersion "1"]
[SourceVersionDate "2018.10.10"]
[SourceQuality "1"]

1. d4 Nf6 2. Bg5 e6 3. e4 h6 4. Bxf6 Qxf6 5. Nc3 c5 6. e5 Qd8 7. dxc5 Bxc5 8. Qg4 0-0 9. Ne4 Be7 10. 0-0-0 Nc6 11. f4 f5 12. exf6 Bxf6 13. Nxf6+ Qxf6 14. g3 d5 15. Qe2 Bd7 16. Nf3 Rac8 17. Kb1 a6 18. Bg2 Nb4 19. c3 Bb5 20. Qd2 1/2-1/2

[Event "Saint Affrique op 22nd"]
[Site "Saint Affrique"]
[Date "2014.07.22"]
[Round "5"]
[White "Jackson, Thomas"]
[Black "Pottier, Simeon"]
[Result "1-0"]
[WhiteElo "1694"]
[BlackElo "1619"]
[PlyCount "21"]
[EventDate "2014.07.19"]
[EventType "swiss"]
[EventRounds "9"]
[EventCountry "FRA"]
[SourceTitle "CBM 161 Extra"]
[Source "ChessBase"]
[SourceDate "2014.08.29"]
[SourceVersion "1"]
[SourceVersionDate "2014.08.29"]
[SourceQuality "1"]

1. d4 Nf6 2. Bg5 Ne4 3. Bf4 c5 4. f3 Nf6 5. d5 d6 6. c4 g6 7. Nc3 Bg7 8. e4 0-0 9. Bd3 Nbd7 10. Nge2 Ne8 11. h3 1-0

[Event "Saint Affrique op 22nd"]
[Site "Saint Affrique"]
[Date "2014.07.20"]
[Round "2"]
[White "Meunier, Clement1"]
[Black "Jackson, Thomas"]
[Result "1-0"]
[WhiteElo "2132"]
[BlackElo "1694"]
[PlyCount "71"]
[EventDate "2014.07.19"]
[EventType "swiss"]
[EventRounds "9"]
[EventCountry "FRA"]
[SourceTitle "CBM 161 Extra"]
[Source "ChessBase"]
[SourceDate "2014.08.29"]
[SourceVersion "1"]
[SourceVersionDate "2014.08.29"]
[SourceQuality "1"]

1. d4 Nf6 2. c4 g6 3. Nc3 Bg7 4. e4 d6 5. Nf3 0-0 6. Be2 Nbd7 7. 0-0 c5 8. d5 Ne8 9. Qc2 Nc7 10. Be3 a6 11. Nd2 Rb8 12. a4 b6 13. Rae1 e5 14. Kh1 a5 15. Qc1 f5 16. f4 exf4 17. Bxf4 Ne5 18. exf5 Bxf5 19. Nde4 Ne8 20. Bg5 Qd7 21. Qd2 Rb7 22. h3 Bxe4 23. Rxf8+ Bxf8 24. Nxe4 Qxa4 25. Bh6 Bg7 26. Bxg7 Kxg7 27. Ng5 Kg8 28. Qf4 Nf7 29. Bd1 Qd7 30. Bg4 Qd8 31. Be6 Qf6 32. Bxf7+ Rxf7 33. Rxe8+ Kg7 34. Qxf6+ Rxf6 35. Ne6+ Kh6 36. Kg1 1-0

[Event "Toulouse Lardenne op 2nd"]
[Site "Toulouse"]
[Date "2014.05.18"]
[Round "3"]
[White "Jackson, Thomas"]
[Black "Woloszyn, Florent"]
[Result "0-1"]
[WhiteElo "1636"]
[BlackElo "2081"]
[PlyCount "58"]
[EventDate "2014.05.17"]
[EventType "swiss"]
[EventRounds "6"]
[EventCountry "FRA"]
[SourceTitle "EXT 2015"]
[Source "ChessBase"]
[SourceDate "2014.11.20"]
[SourceVersion "1"]
[SourceVersionDate "2014.11.20"]
[SourceQuality "1"]

1. d4 Nf6 2. Bg5 c5 3. Bxf6 gxf6 4. c3 Qb6 5. Qc2 f5 6. e3 d6 7. Bd3 e6 8. Nd2 Nc6 9. Nc4 Qc7 10. dxc5 dxc5 11. Nf3 b5 12. Ncd2 a6 13. e4 f4 14. e5 Nxe5 15. Be4 Ra7 16. Nxe5 Qxe5 17. Nf3 Qc7 18. Bxh7 f5 19. Bg6+ Ke7 20. h4 Kf6 21. h5 Bb7 22. 0-0-0 Bh6 23. Rhe1 Be4 24. Qe2 Rd8 25. Nd2 f3 26. gxf3 Bd5 27. Kb1 Qf4 28. Qe3 Bxa2+ 29. Kxa2 Qa4+ 0-1